[Event "DEM U14 2024"]
[Site "Willingen GER"]
[Date "2024.05.22"]
[Round "5"]
[White "Pimenov, Danil"]
[Black "Li, Luxuan"]
[Result "0-1"]
[Termination "normal"]
[Board "18"]
[WhiteElo "1863"]
[BlackElo "1709"]
[WhiteClock "00:39:20"]
[BlackClock "00:19:46"]
[PlyCount "102"]
[WhiteFideId "34600248"]
[BlackFideId "34617507"]
[EventCountry "GER"]
[EventRounds "9"]
[EventType "swiss"]
[EventDate "2024.05.18"]

1. e4 {[%clk 01:30:57]} {[%emt 00:00:03]} c5 {[%clk 01:31:00]} 2. Nf3 {[%clk
01:31:20]} {[%emt 00:00:08]} Nf6 {[%clk 01:31:26]} {[%emt 00:00:03]} 3. Nc3
{[%clk 01:30:07]} {[%emt 00:01:44]} d5 {[%clk 01:30:50]} {[%emt 00:01:06]} 4.
exd5 {[%clk 01:30:01]} {[%emt 00:00:36]} Nxd5 {[%clk 01:31:05]} {[%emt
00:00:15]} 5. Bb5+ {[%clk 01:28:38]} {[%emt 00:01:51]} Bd7 {[%clk 01:31:25]}
{[%emt 00:00:11]} 6. Bc4 {[%clk 01:28:01]} {[%emt 00:01:08]} Nb6 {[%clk
01:31:27]} {[%emt 00:00:27]} 7. Be2 {[%clk 01:19:06]} {[%emt 00:09:25]} Nc6
{[%clk 01:30:16]} {[%emt 00:01:41]} 8. O-O {[%clk 01:18:24]} {[%emt 00:01:12]}
e6 {[%clk 01:25:43]} {[%emt 00:05:04]} 9. d3 {[%clk 01:17:52]} {[%emt
00:01:02]} Be7 {[%clk 01:23:59]} {[%emt 00:02:13]} 10. Ne4 {[%clk 01:15:54]}
{[%emt 00:02:29]} f5 {[%clk 01:17:48]} {[%emt 00:06:41]} 11. Nc3 {[%clk
01:12:59]} {[%emt 00:03:24]} Nd5 {[%clk 01:12:11]} {[%emt 00:06:07]} 12. Nxd5
{[%clk 01:12:58]} {[%emt 00:00:32]} exd5 {[%clk 01:12:40]} {[%emt 00:00:02]}
13. Bf4 {[%clk 01:12:54]} {[%emt 00:00:31]} O-O {[%clk 01:08:55]} {[%emt
00:04:16]} 14. d4 {[%clk 01:12:10]} {[%emt 00:01:14]} g5 {[%clk 00:56:07]}
{[%emt 00:13:18]} 15. Be5 {[%clk 01:11:09]} {[%emt 00:01:31]} g4 {[%clk
00:55:51]} {[%emt 00:00:46]} 16. Ne1 {[%clk 01:10:55]} {[%emt 00:00:44]} Nxe5
{[%clk 00:52:16]} {[%emt 00:04:05]} 17. dxe5 {[%clk 01:11:19]} {[%emt
00:00:07]} Bc6 {[%clk 00:50:28]} {[%emt 00:02:17]} 18. c4 {[%clk 01:07:14]}
{[%emt 00:04:35]} d4 {[%clk 00:49:13]} {[%emt 00:01:46]} 19. f3 {[%clk
01:01:36]} {[%emt 00:06:08]} Bg5 {[%clk 00:43:41]} {[%emt 00:06:01]} 20. f4
{[%clk 00:57:59]} {[%emt 00:04:07]} Bh6 {[%clk 00:39:49]} {[%emt 00:04:23]} 21.
g3 {[%clk 00:57:06]} {[%emt 00:01:22]} Qe8 {[%clk 00:34:44]} {[%emt 00:05:35]}
22. Rf2 {[%clk 00:56:20]} {[%emt 00:01:16]} Rd8 {[%clk 00:32:07]} {[%emt
00:03:08]} 23. Nd3 {[%clk 00:55:59]} {[%emt 00:00:50]} Qe7 {[%clk 00:30:47]}
{[%emt 00:01:50]} 24. Bf1 {[%clk 00:55:09]} {[%emt 00:01:20]} Rfe8 {[%clk
00:27:47]} {[%emt 00:03:31]} 25. Bg2 {[%clk 00:53:51]} {[%emt 00:01:47]} Bxg2
{[%clk 00:27:56]} {[%emt 00:00:21]} 26. Rxg2 {[%clk 00:54:14]} {[%emt
00:00:07]} Bf8 {[%clk 00:27:13]} {[%emt 00:01:14]} 27. Qa4 {[%clk 00:53:28]}
{[%emt 00:01:15]} a6 {[%clk 00:25:57]} {[%emt 00:01:47]} 28. Qb3 {[%clk
00:52:13]} {[%emt 00:01:44]} Rc8 {[%clk 00:23:07]} {[%emt 00:03:20]} 29. a4
{[%clk 00:47:25]} {[%emt 00:05:18]} h5 {[%clk 00:21:08]} {[%emt 00:02:29]} 30.
Re2 {[%clk 00:45:34]} {[%emt 00:02:21]} Rc6 {[%clk 00:18:06]} {[%emt 00:03:33]}
31. a5 {[%clk 00:43:59]} {[%emt 00:02:05]} Qc7 {[%clk 00:15:07]} {[%emt
00:03:29]} 32. Qc2 {[%clk 00:39:16]} {[%emt 00:05:13]} Qh7 {[%clk 00:14:05]}
{[%emt 00:01:31]} 33. Rae1 {[%clk 00:36:10]} {[%emt 00:03:35]} Ree6 {[%clk
00:14:00]} {[%emt 00:00:35]} 34. b3 {[%clk 00:35:23]} {[%emt 00:01:18]} Be7
{[%clk 00:12:17]} {[%emt 00:02:13]} 35. Qd2 {[%clk 00:33:59]} {[%emt 00:01:53]}
h4 {[%clk 00:11:05]} {[%emt 00:01:43]} 36. gxh4 {[%clk 00:24:56]} {[%emt
00:09:33]} Bxh4 {[%clk 00:08:34]} {[%emt 00:03:00]} 37. Rc1 {[%clk 00:24:11]}
{[%emt 00:01:16]} Be7 {[%clk 00:08:00]} {[%emt 00:01:05]} 38. Rg2 {[%clk
00:22:59]} {[%emt 00:01:40]} Rh6 {[%clk 00:06:19]} {[%emt 00:02:12]} 39. Qf2
{[%clk 00:21:46]} {[%emt 00:01:43]} Rh3 {[%clk 00:04:32]} {[%emt 00:02:17]} 40.
Rd1 {[%clk 00:21:03]} {[%emt 00:01:13]} Kf8 {[%clk 00:03:08]} {[%emt 00:01:54]}
41. Kf1 {[%clk 00:10:16]} {[%emt 00:11:17]} Rf3 {[%clk 00:28:17]} {[%emt
00:05:20]} 42. Ke2 {[%clk 00:37:26]} {[%emt 00:03:20]} Rxf2+ {[%clk 00:28:17]}
{[%emt 00:00:31]} 43. Rxf2 {[%clk 00:37:44]} {[%emt 00:00:12]} Qh3 {[%clk
00:25:20]} {[%emt 00:03:27]} 44. Kd2 {[%clk 00:38:01]} {[%emt 00:00:12]} b5
{[%clk 00:22:30]} {[%emt 00:03:21]} 45. axb6 {[%clk 00:38:20]} {[%emt
00:00:11]} Rxb6 {[%clk 00:22:49]} {[%emt 00:00:11]} 46. Kc2 {[%clk 00:38:44]}
{[%emt 00:00:06]} Bh4 {[%clk 00:21:36]} {[%emt 00:01:43]} 47. Re2 {[%clk
00:38:54]} {[%emt 00:00:20]} Qf3 {[%clk 00:20:57]} {[%emt 00:01:09]} 48. Rdd2
{[%clk 00:39:03]} {[%emt 00:00:21]} Be7 {[%clk 00:19:54]} {[%emt 00:01:33]} 49.
Rf2 {[%clk 00:39:17]} {[%emt 00:00:15]} Qb7 {[%clk 00:19:59]} {[%emt 00:00:26]}
50. Nc1 {[%clk 00:39:38]} {[%emt 00:00:09]} a5 {[%clk 00:19:43]} {[%emt
00:00:47]} 51. Kd3 {[%clk 00:39:20]} {[%emt 00:00:46]} Qe4# {[%clk 00:19:46]}
{[%emt 00:00:27]} 0-1

[Event "DEM U14 2024"]
[Site "Willingen GER"]
[Date "2024.05.22"]
[Round "5"]
[White "Thümler, Floris"]
[Black "Dodul, Arthur"]
[Result "0-1"]
[Termination "normal"]
[Board "19"]
[WhiteElo "1938"]
[BlackElo "1789"]
[WhiteClock "00:04:38"]
[BlackClock "00:02:36"]
[PlyCount "73"]
[WhiteFideId "16296435"]
[BlackFideId "34609016"]
[EventCountry "GER"]
[EventRounds "9"]
[EventType "swiss"]
[EventDate "2024.05.18"]

1. e4 {[%clk 01:30:57]} {[%emt 00:00:03]} e5 {[%clk 01:30:56]} {[%emt
00:00:05]} 2. Nf3 {[%clk 01:31:21]} {[%emt 00:00:05]} Nc6 {[%clk 01:31:25]}
{[%emt 00:00:02]} 3. Bb5 {[%clk 01:31:40]} {[%emt 00:00:11]} f5 {[%clk
01:31:51]} {[%emt 00:00:04]} 4. d3 {[%clk 01:31:58]} {[%emt 00:00:11]} fxe4
{[%clk 01:32:17]} {[%emt 00:00:05]} 5. dxe4 {[%clk 01:32:13]} {[%emt 00:00:15]}
Nf6 {[%clk 01:32:44]} {[%emt 00:00:03]} 6. O-O {[%clk 01:31:27]} {[%emt
00:01:15]} d6 {[%clk 01:33:13]} {[%emt 00:00:02]} 7. Nc3 {[%clk 01:31:30]}
{[%emt 00:00:26]} Be7 {[%clk 01:33:38]} {[%emt 00:00:05]} 8. Be3 {[%clk
01:31:42]} {[%emt 00:00:19]} Bg4 {[%clk 01:29:05]} {[%emt 00:05:02]} 9. h3
{[%clk 01:27:53]} {[%emt 00:04:19]} Bh5 {[%clk 01:28:22]} {[%emt 00:01:13]} 10.
Bc4 {[%clk 01:25:16]} {[%emt 00:03:08]} Qd7 {[%clk 01:24:28]} {[%emt 00:04:22]}
11. a3 {[%clk 01:05:01]} {[%emt 00:20:46]} Nd8 {[%clk 01:04:42]} {[%emt
00:20:15]} 12. Qe2 {[%clk 00:57:52]} {[%emt 00:07:38]} h6 {[%clk 00:53:11]}
{[%emt 00:12:03]} 13. Rad1 {[%clk 00:50:04]} {[%emt 00:08:18]} Qc8 {[%clk
00:41:37]} {[%emt 00:12:03]} 14. Rfe1 {[%clk 00:42:48]} {[%emt 00:07:46]} Nf7
{[%clk 00:37:57]} {[%emt 00:04:11]} 15. Kh2 {[%clk 00:26:47]} {[%emt 00:16:31]}
Ng5 {[%clk 00:27:37]} {[%emt 00:10:50]} 16. Bxg5 {[%clk 00:13:29]} {[%emt
00:13:48]} hxg5 {[%clk 00:27:48]} {[%emt 00:00:19]} 17. Kg1 {[%clk 00:12:50]}
{[%emt 00:01:08]} g4 {[%clk 00:26:11]} {[%emt 00:02:07]} 18. Ng5 {[%clk
00:11:19]} {[%emt 00:02:01]} gxh3 {[%clk 00:23:52]} {[%emt 00:02:50]} 19. f3
{[%clk 00:10:50]} {[%emt 00:00:58]} d5 {[%clk 00:09:53]} {[%emt 00:14:31]} 20.
Nxd5 {[%clk 00:08:07]} {[%emt 00:03:12]} Nxd5 {[%clk 00:10:14]} {[%emt
00:00:09]} 21. exd5 {[%clk 00:08:31]} {[%emt 00:00:07]} Bc5+ {[%clk 00:07:30]}
{[%emt 00:03:14]} 22. Kh1 {[%clk 00:07:35]} {[%emt 00:01:24]} hxg2+ {[%clk
00:06:58]} {[%emt 00:01:03]} 23. Kxg2 {[%clk 00:08:02]} {[%emt 00:00:02]} Bd6
{[%clk 00:06:04]} {[%emt 00:01:25]} 24. Ne6 {[%clk 00:08:20]} {[%emt 00:00:11]}
Ke7 {[%clk 00:04:20]} {[%emt 00:02:16]} 25. Qe4 {[%clk 00:08:38]} {[%emt
00:00:11]} Qe8 {[%clk 00:03:12]} {[%emt 00:01:38]} 26. Qh4+ {[%clk 00:08:20]}
{[%emt 00:00:47]} Kf7 {[%clk 00:03:00]} {[%emt 00:00:43]} 27. Qg3 {[%clk
00:08:30]} {[%emt 00:00:20]} g6 {[%clk 00:03:06]} {[%emt 00:00:24]} 28. Re4
{[%clk 00:07:49]} {[%emt 00:01:11]} Qe7 {[%clk 00:03:11]} {[%emt 00:00:25]} 29.
Rf1 {[%clk 00:07:46]} {[%emt 00:00:33]} Kg8 {[%clk 00:02:22]} {[%emt 00:01:19]}
30. Bd3 {[%clk 00:07:19]} {[%emt 00:00:57]} c6 {[%clk 00:02:11]} {[%emt
00:00:41]} 31. c4 {[%clk 00:07:48]} {[%emt 00:00:01]} Qf6 {[%clk 00:02:19]}
{[%emt 00:00:23]} 32. f4 {[%clk 00:07:21]} {[%emt 00:00:56]} exf4 {[%clk
00:02:22]} {[%emt 00:00:27]} 33. Nxf4 {[%clk 00:07:40]} {[%emt 00:00:10]} Qxb2+
{[%clk 00:02:08]} {[%emt 00:00:45]} 34. Rf2 {[%clk 00:07:42]} {[%emt 00:00:28]}
Qc1 {[%clk 00:02:06]} {[%emt 00:00:32]} 35. Re6 {[%clk 00:07:24]} {[%emt
00:00:47]} Qh1+ {[%clk 00:02:14]} {[%emt 00:00:23]} 36. Kxh1 {[%clk 00:04:38]}
{[%emt 00:03:16]} Bf3+ {[%clk 00:02:36]} {[%emt 00:00:06]} 37. Kg1 {[%emt
00:00:26]} 0-1

[Event "DEM U14 2024"]
[Site "Willingen GER"]
[Date "2024.05.22"]
[Round "5"]
[White "Schöne, Finn"]
[Black "Stephanblome, Felix"]
[Result "0-1"]
[Termination "normal"]
[Board "20"]
[WhiteElo "1815"]
[BlackElo "1869"]
[WhiteClock "00:35:32"]
[BlackClock "00:47:42"]
[PlyCount "76"]
[WhiteFideId "34623493"]
[BlackFideId "34661026"]
[EventCountry "GER"]
[EventRounds "9"]
[EventType "swiss"]
[EventDate "2024.05.18"]

1. d4 {[%clk 01:30:58]} {[%emt 00:00:02]} d5 {[%clk 01:30:51]} {[%emt
00:00:09]} 2. Nc3 {[%clk 01:31:24]} {[%emt 00:00:06]} Nf6 {[%clk 01:31:15]}
{[%emt 00:00:05]} 3. Bf4 {[%clk 01:31:50]} {[%emt 00:00:04]} c5 {[%clk
01:31:39]} {[%emt 00:00:05]} 4. e3 {[%clk 01:32:18]} {[%emt 00:00:03]} cxd4
{[%clk 01:32:03]} {[%emt 00:00:06]} 5. exd4 {[%clk 01:32:47]} a6 {[%clk
01:32:21]} {[%emt 00:00:12]} 6. Nf3 {[%clk 01:33:06]} {[%emt 00:00:10]} Nc6
{[%clk 01:32:42]} {[%emt 00:00:09]} 7. Ne5 {[%clk 01:33:23]} {[%emt 00:00:14]}
Bd7 {[%clk 01:33:05]} {[%emt 00:00:07]} 8. g3 {[%clk 01:33:46]} {[%emt
00:00:07]} e6 {[%clk 01:33:23]} {[%emt 00:00:11]} 9. Nxd7 {[%emt 00:00:08]}
Qxd7 {[%clk 01:33:42]} {[%emt 00:00:10]} 10. Na4 {[%clk 01:33:49]} {[%emt
00:00:51]} Qd8 {[%clk 01:33:03]} {[%emt 00:01:09]} 11. Bg2 {[%clk 01:34:08]}
{[%emt 00:00:11]} Qa5+ {[%clk 01:32:14]} {[%emt 00:01:19]} 12. c3 {[%clk
01:34:29]} {[%emt 00:00:09]} b5 {[%clk 01:31:15]} {[%emt 00:01:28]} 13. Nc5
{[%clk 01:34:02]} {[%emt 00:00:57]} Bxc5 {[%clk 01:31:14]} {[%emt 00:00:32]}
14. dxc5 {[%clk 01:34:28]} {[%emt 00:00:05]} b4 {[%clk 01:29:29]} {[%emt
00:02:14]} 15. O-O {[%clk 01:25:30]} {[%emt 00:09:28]} bxc3 {[%clk 01:26:28]}
{[%emt 00:03:31]} 16. bxc3 {[%clk 01:25:52]} {[%emt 00:00:08]} Qxc5 {[%clk
01:24:39]} {[%emt 00:02:18]} 17. Rc1 {[%clk 01:24:50]} {[%emt 00:01:33]} O-O
{[%clk 01:20:18]} {[%emt 00:04:51]} 18. c4 {[%clk 01:22:25]} {[%emt 00:02:56]}
d4 {[%clk 01:18:30]} {[%emt 00:02:17]} 19. Qa4 {[%clk 01:06:50]} {[%emt
00:16:05]} Rfc8 {[%clk 01:15:16]} {[%emt 00:03:44]} 20. Rb1 {[%clk 01:04:28]}
{[%emt 00:02:52]} Nd7 {[%clk 01:09:44]} {[%emt 00:06:02]} 21. Rfc1 {[%clk
00:56:39]} {[%emt 00:08:19]} e5 {[%clk 01:02:53]} {[%emt 00:07:21]} 22. Bd2
{[%clk 00:55:20]} {[%emt 00:01:48]} Nb6 {[%clk 01:01:39]} {[%emt 00:01:45]} 23.
Qb3 {[%clk 00:48:37]} {[%emt 00:07:12]} Rab8 {[%clk 00:59:42]} {[%emt
00:02:28]} 24. a3 {[%clk 00:48:07]} {[%emt 00:01:01]} Nxc4 {[%clk 00:52:07]}
{[%emt 00:08:04]} 25. Bb4 {[%clk 00:39:36]} {[%emt 00:09:00]} Nxb4 {[%clk
00:51:54]} {[%emt 00:00:44]} 26. axb4 {[%clk 00:40:05]} Qb5 {[%clk 00:48:46]}
{[%emt 00:03:36]} 27. Bf1 {[%clk 00:38:49]} {[%emt 00:01:48]} Nd2 {[%clk
00:49:10]} {[%emt 00:00:07]} 28. Qb2 {[%clk 00:38:23]} {[%emt 00:00:56]} Nxf1
{[%clk 00:49:01]} {[%emt 00:00:38]} 29. Rxf1 {[%clk 00:35:16]} {[%emt
00:03:37]} a5 {[%clk 00:48:35]} {[%emt 00:00:57]} 30. Rfc1 {[%clk 00:34:47]}
{[%emt 00:00:58]} Rxc1+ {[%clk 00:48:24]} {[%emt 00:00:41]} 31. Qxc1 {[%clk
00:34:54]} {[%emt 00:00:24]} axb4 {[%clk 00:48:22]} {[%emt 00:00:32]} 32. Qc7
{[%clk 00:34:17]} {[%emt 00:01:07]} b3 {[%clk 00:47:23]} {[%emt 00:01:29]} 33.
Rc1 {[%clk 00:34:15]} {[%emt 00:00:32]} b2 {[%clk 00:46:43]} {[%emt 00:01:09]}
34. Qc8+ {[%clk 00:34:40]} {[%emt 00:00:06]} Qe8 {[%clk 00:47:07]} {[%emt
00:00:05]} 35. Qxe8+ {[%clk 00:35:04]} {[%emt 00:00:06]} Rxe8 {[%clk 00:47:32]}
{[%emt 00:00:05]} 36. Rb1 {[%clk 00:35:29]} {[%emt 00:00:05]} Rb8 {[%clk
00:47:42]} {[%emt 00:00:20]} 37. Kg2 {[%emt 00:00:45]} f5 38. Kf3 {[%clk
00:35:32]} {[%emt 00:00:34]} Kf7 {[%emt 00:00:46]} 0-1

[Event "DEM U14 2024"]
[Site "Willingen GER"]
[Date "2024.05.22"]
[Round "5"]
[White "Nönnig, Jakob"]
[Black "Bangert, Jonas"]
[Result "1-0"]
[Termination "normal"]
[Board "21"]
[WhiteElo "1990"]
[BlackElo "1772"]
[WhiteClock "00:05:29"]
[BlackClock "00:21:42"]
[PlyCount "59"]
[WhiteFideId "16289447"]
[BlackFideId "16289650"]
[EventCountry "GER"]
[EventRounds "9"]
[EventType "swiss"]
[EventDate "2024.05.18"]

1. e4 {[%clk 01:30:58]} {[%emt 00:00:02]} c5 {[%clk 01:30:56]} {[%emt
00:00:05]} 2. Nf3 {[%clk 01:31:21]} {[%emt 00:00:06]} Nf6 {[%clk 01:31:23]}
{[%emt 00:00:04]} 3. Nc3 {[%clk 01:22:10]} {[%emt 00:09:41]} d5 {[%clk
01:30:45]} {[%emt 00:01:07]} 4. e5 {[%clk 01:18:44]} {[%emt 00:03:56]} Nfd7
{[%emt 00:13:38]} 5. Nxd5 {[%clk 01:05:40]} Nxe5 {[%clk 01:28:26]} {[%emt
00:03:15]} 6. Ne3 {[%clk 01:05:55]} {[%emt 00:00:15]} Ned7 {[%clk 01:07:24]}
{[%emt 00:21:32]} 7. d4 {[%clk 01:04:50]} {[%emt 00:01:34]} cxd4 {[%emt
00:00:16]} 8. Nxd4 {[%clk 01:02:43]} {[%emt 00:02:36]} g6 {[%clk 01:04:22]}
{[%emt 00:03:47]} 9. Bc4 {[%clk 00:53:46]} {[%emt 00:09:26]} Nc6 {[%clk
00:52:13]} {[%emt 00:12:40]} 10. Nxc6 {[%clk 00:51:29]} {[%emt 00:02:47]} bxc6
{[%clk 00:52:38]} {[%emt 00:00:05]} 11. Qd4 {[%clk 00:46:15]} {[%emt 00:05:44]}
e5 {[%clk 00:52:44]} {[%emt 00:00:24]} 12. Qe4 {[%clk 00:46:25]} {[%emt
00:00:19]} Qc7 {[%clk 00:49:02]} {[%emt 00:04:13]} 13. Qf3 {[%clk 00:40:26]}
{[%emt 00:06:30]} f5 {[%clk 00:43:51]} {[%emt 00:05:41]} 14. Nxf5 {[%clk
00:39:27]} {[%emt 00:01:28]} gxf5 {[%clk 00:39:50]} {[%emt 00:04:32]} 15. Qh5+
{[%clk 00:39:31]} {[%emt 00:00:25]} Kd8 {[%clk 00:40:11]} {[%emt 00:00:09]} 16.
Bg5+ {[%clk 00:34:40]} {[%emt 00:05:21]} Be7 {[%clk 00:40:30]} {[%emt
00:00:11]} 17. Bxe7+ {[%clk 00:33:34]} {[%emt 00:01:36]} Kxe7 {[%clk 00:40:55]}
{[%emt 00:00:05]} 18. Qf7+ {[%clk 00:33:59]} {[%emt 00:00:05]} Kd8 {[%clk
00:35:03]} {[%emt 00:06:22]} 19. O-O-O {[%clk 00:32:35]} {[%emt 00:01:53]} Re8
{[%clk 00:34:52]} {[%emt 00:00:42]} 20. Qxh7 {[%clk 00:26:26]} {[%emt
00:06:39]} e4 {[%clk 00:32:31]} {[%emt 00:02:51]} 21. Qh4+ {[%clk 00:15:53]}
{[%emt 00:11:02]} Re7 {[%clk 00:32:54]} {[%emt 00:00:08]} 22. Qh8+ {[%clk
00:16:15]} {[%emt 00:00:08]} Re8 {[%clk 00:33:20]} {[%emt 00:00:04]} 23. Qf6+
{[%clk 00:16:40]} {[%emt 00:00:04]} Re7 {[%clk 00:33:46]} {[%emt 00:00:04]} 24.
Rd6 {[%clk 00:16:19]} {[%emt 00:00:52]} Qb6 {[%clk 00:24:41]} {[%emt 00:09:35]}
25. Rhd1 {[%clk 00:14:12]} {[%emt 00:02:37]} Rb8 {[%clk 00:24:11]} {[%emt
00:01:01]} 26. Rxc6 {[%clk 00:08:36]} {[%emt 00:06:05]} Qxf2 {[%clk 00:23:44]}
{[%emt 00:00:58]} 27. Qf8+ {[%clk 00:04:38]} {[%emt 00:04:27]} Re8 {[%clk
00:24:06]} {[%emt 00:00:08]} 28. Qd6 {[%clk 00:05:03]} {[%emt 00:00:05]} Re7
{[%clk 00:21:21]} {[%emt 00:03:15]} 29. Qxb8 {[%clk 00:05:06]} {[%emt
00:00:26]} Qe3+ {[%clk 00:21:42]} {[%emt 00:00:10]} 30. Kb1 {[%clk 00:05:29]}
{[%emt 00:00:07]} 1-0

[Event "DEM U14 2024"]
[Site "Willingen GER"]
[Date "2024.05.22"]
[Round "5"]
[White "Aniol, Nico"]
[Black "Jablonski, Ture"]
[Result "1-0"]
[Termination "normal"]
[Board "22"]
[WhiteElo "1860"]
[BlackElo "1583"]
[WhiteClock "00:29:21"]
[BlackClock "00:57:02"]
[PlyCount "51"]
[WhiteFideId "16287096"]
[BlackFideId "34640452"]
[EventCountry "GER"]
[EventRounds "9"]
[EventType "swiss"]
[EventDate "2024.05.18"]

1. e4 {[%clk 01:30:57]} {[%emt 00:00:03]} d6 {[%clk 01:30:59]} {[%emt
00:00:01]} 2. d4 {[%clk 01:31:19]} {[%emt 00:00:09]} Nf6 {[%clk 01:31:27]}
{[%emt 00:00:02]} 3. Nc3 {[%clk 01:31:42]} {[%emt 00:00:07]} e5 {[%clk
01:31:53]} {[%emt 00:00:04]} 4. Nf3 {[%clk 01:32:08]} {[%emt 00:00:03]} Nbd7
{[%clk 01:32:17]} {[%emt 00:00:06]} 5. Bc4 {[%clk 01:32:34]} {[%emt 00:00:05]}
Be7 {[%clk 01:32:38]} {[%emt 00:00:09]} 6. O-O {[%clk 01:32:58]} {[%emt
00:00:06]} O-O {[%clk 01:32:46]} {[%emt 00:00:22]} 7. a4 {[%clk 01:33:25]}
{[%emt 00:00:03]} c6 {[%clk 01:32:57]} {[%emt 00:00:19]} 8. Re1 {[%clk
01:32:15]} {[%emt 00:01:39]} b6 {[%clk 01:33:09]} {[%emt 00:00:19]} 9. h3
{[%clk 01:30:54]} {[%emt 00:01:50]} h6 {[%clk 01:32:25]} {[%emt 00:01:15]} 10.
Be3 {[%clk 01:22:14]} {[%emt 00:09:10]} Bb7 {[%clk 01:32:33]} {[%emt 00:00:21]}
11. Ba2 {[%clk 01:14:49]} {[%emt 00:07:56]} a6 {[%clk 01:31:36]} {[%emt
00:01:26]} 12. Nh4 {[%clk 01:00:21]} {[%emt 00:14:58]} d5 {[%clk 01:15:38]}
{[%emt 00:16:28]} 13. Nf5 {[%clk 00:55:18]} {[%emt 00:05:33]} Bb4 {[%clk
01:15:13]} {[%emt 00:00:55]} 14. dxe5 {[%clk 00:52:27]} {[%emt 00:03:22]} Nxe5
{[%clk 01:13:18]} {[%emt 00:02:24]} 15. Qd4 {[%clk 00:49:11]} {[%emt 00:03:47]}
Nc4 {[%clk 01:09:56]} {[%emt 00:03:52]} 16. Bxc4 {[%clk 00:46:40]} {[%emt
00:03:01]} dxc4 {[%clk 01:10:16]} {[%emt 00:00:09]} 17. Qxc4 {[%clk 00:46:23]}
{[%emt 00:00:47]} Bxc3 {[%clk 01:10:14]} {[%emt 00:00:33]} 18. Qxc3 {[%clk
00:46:49]} {[%emt 00:00:04]} Bc8 {[%clk 01:06:02]} {[%emt 00:04:42]} 19. Rad1
{[%clk 00:44:01]} {[%emt 00:03:18]} Qc7 {[%clk 01:01:22]} {[%emt 00:05:09]} 20.
Nxh6+ {[%clk 00:32:57]} {[%emt 00:11:34]} Kh7 {[%clk 01:00:21]} {[%emt
00:01:32]} 21. Nf5 {[%clk 00:33:09]} {[%emt 00:00:18]} Bxf5 {[%clk 01:00:23]}
{[%emt 00:00:26]} 22. exf5 {[%clk 00:33:32]} {[%emt 00:00:09]} Rfe8 {[%clk
00:58:45]} {[%emt 00:02:08]} 23. Bd4 {[%clk 00:28:50]} {[%emt 00:05:11]} Ne4
{[%clk 00:57:59]} {[%emt 00:01:13]} 24. Qf3 {[%clk 00:28:50]} {[%emt 00:00:33]}
Nd2 {[%clk 00:56:40]} {[%emt 00:01:49]} 25. Qh5+ {[%clk 00:29:00]} {[%emt
00:00:20]} Kg8 {[%clk 00:57:02]} {[%emt 00:00:08]} 26. Qg5 {[%clk 00:29:21]}
{[%emt 00:00:10]} 1-0